Avances en biotecnología ambiental: Tratamiento de residuos líquidos y sólidos
محفوظ في:
| المؤلف الرئيسي: | |
|---|---|
| التنسيق: | كتاب |
| اللغة: | الإسبانية |
| منشور في: |
Valparaíso, Chile
Ediciones Universitarias de Valparaíso
2003
|
| الطبعة: | 1a. ed |
| سلاسل: | Archivos de Ingeniería Bioquímica,
vol. II |
| الموضوعات: | |
| الوصول للمادة أونلاين: | Disponible Online |
| الوسوم: |
إضافة وسم
لا توجد وسوم, كن أول من يضع وسما على هذه التسجيلة!
|
MARC
| LEADER | 00000cam a2200000 a 4500 | ||
|---|---|---|---|
| 001 | UCL3298 | ||
| 003 | CL-VaPUC | ||
| 005 | 20240513115425.0 | ||
| 008 | 031121e20030000CL |||||||||||||||||spa|d | ||
| 999 | |c 306410 |d 306408 | ||
| 020 | |a 9561703416 | ||
| 040 | |c Pontificia Universidad Católica de Valparaíso | ||
| 082 | 0 | 4 | |a 628.162 CHA 2003 |2 21 |
| 100 | 0 | |a Chamy Maggi, Rolando |e autor |9 480620 | |
| 245 | 1 | 0 | |a Avances en biotecnología ambiental: |b Tratamiento de residuos líquidos y sólidos |
| 250 | |a 1a. ed | ||
| 260 | |a Valparaíso, Chile |b Ediciones Universitarias de Valparaíso |c 2003 | ||
| 300 | |a 349 páginas | ||
| 440 | |a Archivos de Ingeniería Bioquímica, |v vol. II |9 859995 | ||
| 505 | |a Capítulo 1. Biotecnología ambiental Capítulo 2. Remoción biológica de materia orgánica Capitulo 3. Remoción biológica de nutrientes Capítulo 4. Tratamiento de aguas con alto contenido de azufre Capítulo 5. Tratamiento anaerobio de residuos sólidos Capítulo 6. Instrumentación, monitorización y control Capítulo 7. Tecnologías límpias y tratamientos de residuos | ||
| 583 | |a last modification |c 20130912 12:49:17 |k Rodrigo Vera | ||
| 650 | 0 | |a Tratamiento de residuos |9 262890 | |
| 650 | 0 | |a Protección del medio ambiente |9 257626 | |
| 650 | 0 | |a Biotecnología |9 259561 | |
| 650 | 0 | |a Residuos líquidos |2 CL-VaPUC |9 402832 | |
| 650 | 0 | |a Residuos sólidos |9 367336 | |
| 650 | 0 | |a Archivo histórico PUCV |9 255554 | |
| 650 | 0 | |a Académicos |x Pontificia Universidad Católica de Valparaíso (PUCV) |9 255553 | |
| 856 | |u https://bibliografiadigital.pucv.cl/index.php/bibliotecapucv/catalog/book/184 |y Disponible Online | ||
| 942 | |c BK |2 ddc | ||
| 945 | |d 20031121 00:00:00 |a cmena | ||
| 952 | |0 0 |1 0 |2 ddc |4 0 |6 628_162000000000000_CHA_2003 |7 0 |8 A |9 371390 |a BIBING |b BIBING |d 2019-11-21 |i 3967514 |l 1 |m 1 |o 628.162 CHA 2003 |p 3967514 |r 2025-01-20 |s 2024-03-15 |t 8 |w 2019-11-21 |y BK |k ING | ||
| 952 | |0 0 |1 0 |2 ddc |4 0 |6 628_162000000000000_CHA_2003 |7 0 |8 A |9 371391 |a BIBING |b BIBING |d 2019-11-21 |i 3967522 |l 3 |o 628.162 CHA 2003 |p 3967522 |r 2025-01-20 |s 2024-04-17 |t 9 |w 2019-11-21 |y BK |k ING | ||
| 952 | |0 0 |1 0 |2 ddc |4 0 |6 628_162000000000000_CHA_2003 |7 0 |8 A |9 371392 |a BIBING |b BIBING |d 2019-11-21 |i 3967530 |o 628.162 CHA 2003 |p 3967530 |r 2025-01-20 |t 10 |w 2019-11-21 |y BK |k ING | ||
| 952 | |0 0 |1 0 |2 ddc |4 0 |6 628_162000000000000_CHA_2003 |7 0 |8 A |9 371393 |a BIBING |b BIBING |d 2019-11-21 |i 3967549 |l 1 |o 628.162 CHA 2003 |p 3967549 |r 2025-01-20 |s 2020-04-01 |t 11 |w 2019-11-21 |y BK |k ING | ||
| 952 | |0 0 |1 0 |2 ddc |4 0 |6 628_162000000000000_CHA_2003 |7 0 |8 A |9 371394 |a BIBING |b BIBING |d 2019-11-21 |i 3967557 |o 628.162 CHA 2003 |p 3967557 |r 2023-03-02 |t 12 |w 2019-11-21 |y BK |k ING | ||
| 952 | |0 0 |1 0 |2 ddc |4 0 |6 628_162000000000000_CHA_2003 |7 0 |8 A |9 371395 |a BIBING |b BIBING |d 2019-11-21 |i 3967565 |o 628.162 CHA 2003 |p 3967565 |r 2025-01-20 |t 13 |w 2019-11-21 |y BK |k ING | ||
| 952 | |0 0 |1 0 |2 ddc |4 0 |6 628_162000000000000_CHA_2003 |7 0 |8 A |9 371396 |a BIBING |b BIBING |d 2019-11-21 |i 3967573 |o 628.162 CHA 2003 |p 3967573 |r 2025-01-20 |t 14 |w 2019-11-21 |y BK |k ING | ||
| 952 | |0 0 |1 0 |2 ddc |4 0 |6 628_162000000000000_CHA_2003 |7 0 |8 A |9 371397 |a BIBING |b BIBING |d 2019-11-21 |i 3967581 |o 628.162 CHA 2003 |p 3967581 |r 2023-03-02 |t 15 |w 2019-11-21 |y BK |k ING | ||
| 952 | |0 0 |1 0 |2 ddc |4 0 |6 628_162000000000000_CHA_2003 |7 0 |8 A |9 371398 |a BIBING |b BIBING |d 2019-11-21 |i 396759K |l 1 |o 628.162 CHA 2003 |p 396759K |r 2025-01-20 |s 2023-04-14 |t 16 |w 2019-11-21 |y BK |k ING | ||
| 952 | |0 0 |1 0 |2 ddc |4 0 |6 628_162000000000000_CHA_2003 |7 0 |8 A |9 371399 |a BIBING |b BIBING |d 2019-11-21 |i 3967603 |l 1 |o 628.162 CHA 2003 |p 3967603 |r 2025-01-20 |s 2024-04-25 |t 17 |w 2019-11-21 |y BK |k ING | ||
| 952 | |0 0 |1 0 |2 ddc |4 0 |6 628_162000000000000_CHA_2003 |7 0 |8 A |9 371400 |a BIBING |b BIBING |d 2019-11-21 |i 3967611 |o 628.162 CHA 2003 |p 3967611 |r 2023-03-02 |t 18 |w 2019-11-21 |y BK |k ING | ||
| 952 | |0 0 |1 0 |2 ddc |4 0 |6 628_162000000000000_CHA_2003 |7 0 |8 A |9 371401 |a BIBING |b BIBING |d 2019-11-21 |i 396762K |o 628.162 CHA 2003 |p 396762K |r 2025-01-20 |t 19 |w 2019-11-21 |y BK |k ING | ||
| 952 | |0 0 |1 0 |2 ddc |4 0 |6 628_162000000000000_CHA_2003 |7 0 |8 A |9 371402 |a BIBING |b BIBING |d 2019-11-21 |i 3967638 |o 628.162 CHA 2003 |p 3967638 |r 2025-01-20 |t 20 |w 2019-11-21 |y BK |k ING | ||
| 952 | |0 0 |1 0 |2 ddc |4 0 |6 628_162000000000000_CHA_2003 |7 0 |8 A |9 371403 |a BIBING |b BIBING |d 2019-11-21 |i 3967646 |o 628.162 CHA 2003 |p 3967646 |r 2025-01-20 |t 21 |w 2019-11-21 |y BK |k ING | ||
| 952 | |0 0 |1 0 |2 ddc |4 0 |6 628_162000000000000_CHA_2003 |7 0 |8 A |9 371404 |a BIBING |b BIBING |d 2019-11-21 |i 396745K |l 1 |o 628.162 CHA 2003 |p 396745K |r 2025-01-20 |s 2024-05-17 |t 2 |w 2019-11-21 |y BK |k ING | ||
| 952 | |0 0 |1 0 |2 ddc |4 0 |6 628_162000000000000_CHA_2003 |7 0 |8 A |9 371405 |a BIBING |b BIBING |d 2019-11-21 |i 3967468 |o 628.162 CHA 2003 |p 3967468 |r 2023-03-02 |t 3 |w 2019-11-21 |y BK |k ING | ||
| 952 | |0 0 |1 0 |2 ddc |4 0 |6 628_162000000000000_CHA_2003 |7 0 |8 A |9 371406 |a BIBING |b BIBING |d 2019-11-21 |i 3967476 |o 628.162 CHA 2003 |p 3967476 |r 2025-01-20 |t 4 |w 2019-11-21 |y BK |k ING | ||
| 952 | |0 0 |1 0 |2 ddc |4 0 |6 628_162000000000000_CHA_2003 |7 0 |8 A |9 371407 |a BIBING |b BIBING |d 2019-11-21 |i 3967484 |o 628.162 CHA 2003 |p 3967484 |r 2023-03-02 |t 5 |w 2019-11-21 |y BK |k ING | ||
| 952 | |0 0 |1 0 |2 ddc |4 0 |6 628_162000000000000_CHA_2003 |7 0 |8 A |9 371408 |a BIBING |b BIBING |d 2019-11-21 |i 3967492 |o 628.162 CHA 2003 |p 3967492 |r 2023-03-02 |t 6 |w 2019-11-21 |y BK |k ING | ||
| 952 | |0 0 |1 0 |2 ddc |4 0 |6 628_162000000000000_CHA_2003 |7 0 |8 A |9 371409 |a BIBING |b BIBING |d 2019-11-21 |i 3967506 |o 628.162 CHA 2003 |p 3967506 |r 2025-01-20 |t 7 |w 2019-11-21 |y BK |k ING | ||
| 952 | |0 0 |1 0 |2 ddc |4 0 |6 628_162000000000000_CHA_2003 |7 0 |8 X |9 371410 |a FDOBUD |b FDOBUD |d 2019-11-21 |i 1084011 |o 628.162 CHA 2003 |p 1084011 |r 2019-11-21 |t 1 |w 2019-11-21 |y BK_X |k FHP | ||
| 952 | |0 0 |1 0 |2 ddc |4 0 |6 628_162000000000000_CHA_2003 |7 0 |8 A |9 371411 |a BIBMEC |b BIBMEC |d 2019-11-21 |i 4348028 |o 628.162 CHA 2003 |p 4348028 |r 2024-01-19 |t 22 |w 2019-11-21 |y BK |k MEC | ||
| 952 | |0 0 |1 0 |2 ddc |3 erb |4 0 |6 628_162000000000000_CHA_2003 |7 0 |8 A |9 371414 |a BIBCUR |b BIBCUR |i 5039045 |l 1 |m 2 |o 628.162 CHA 2003 |p 5039045 |r 2025-04-22 |s 2025-03-13 |t 25 |w 2019-11-21 |y BK |z Catalogado en:20140710 |k BCB | ||